Sports Quiz

Random Sports or Baseball Quiz
Score 0/43 Timer 08:00
4 Plays Today
Team/Year Player % Correct
TEX/2002Alex Rodriguez
96.7%
TEX/2001Alex Rodriguez
96.7%
TEX/2003Alex Rodriguez
96.7%
SEA/1999Alex Rodriguez
96.7%
SEA/1998Alex Rodriguez
96.7%
SEA/2000Alex Rodriguez
96.7%
SEA/1996Alex Rodriguez
96.7%
CHC/1958Ernie Banks
86.5%
CHC/1959Ernie Banks
86.5%
CHC/1955Ernie Banks
86.5%
CHC/1957Ernie Banks
86.5%
CHC/1960Ernie Banks
86.5%
BAL/1991Cal Ripken Jr
86.4%
COL/2009Troy Tulowitzki
82.8%
COL/2011Troy Tulowitzki
82.8%
PHI/2007Jimmy Rollins
81.2%
BAL/2004Miguel Tejada
79.5%
OAK/2002Miguel Tejada
79.5%
OAK/2001Miguel Tejada
79.5%
OAK/2000Miguel Tejada
79.5%
BOS/1998Nomar Garciaparra
78.7%
BOS/1997Nomar Garciaparra
78.7%
Team/Year Player % Correct
CIN/1996Barry Larkin
74.7%
BAL/LAD/2018Manny Machado
74.1%
CLE/2019Francisco Lindor
73%
CLE/2018Francisco Lindor
70.7%
FLA/2008Hanley Ramirez
66.2%
COL/2019Trevor Story
66.1%
CLE/2017Francisco Lindor
63.8%
COL/2018Trevor Story
63.4%
BAL/2011JJ Hardy
58.2%
BOS/2019Xander Bogaerts
57.8%
NYY/2019Gleyber Torres
50.7%
OAK/2019Marcus Semien
39.8%
SFG/2001Rich Aurilia
39.3%
STL/2019Paul DeJong
35.2%
BOS/1969Rico Petrocelli
27.5%
TBR/2016Brad Miller
20.3%
MIL/2006Bill Hall
17.4%
CHW/2004Jose Valentin
16.6%
BOS/1949Vern Stephens
15.4%
BOS/1950Vern Stephens
15.4%
TOR/ARI/1999Tony Batista
12.8%

You're not logged in!

Compare scores with friends on all Sporcle quizzes.
OR
Log In

Sporcle TV

Today on Sporcle TV


Watch our educational content, quiz creation guides, and fun videos on Sporcle TV.

Show Comments

Extras

Top Quizzes Today


Score Distribution

Paid Content

Your Account Isn't Verified!

In order to create a playlist on Sporcle, you need to verify the email address you used during registration. Go to your Sporcle Settings to finish the process.

Report this User

Report this user for behavior that violates our Community Guidelines.

Details: